00680nam a22001697a 4500003000900000008004100009040007100050082001800121100002500139245006200164260004300226300002800269505016700297650001400464650001500478650001700493AR-CdUCM190225b ||||| |||| 00| 0 spa d aMUNICIPALIDAD PROVINCIAL DEL CUSCOcBIBLIOTECA MUNICIPAL DEL CUSCO a338.17 /bB38 aBenítez, José A. aLas Antillas :bcolonización, azúcar e imperialismo / aCuba :bCasa de las américas,c1977. a332 páginas ;c19 cm. aContenido: Brebaje de brujas -- El oro blanco de las Antillas -- De Colbert a la revolución haitiana -- Los holandeses en el Caribe -- La trata en el Caribe ... aMonopolio aEconomía aImperialista